000 00336nam a2200157Ia 4500
100 _aOzsu/Tamer M
650 _aDatabase
942 _cBK
366 _f25
245 _aPrinciples of Distributed database systems
260 _bPearson
_c2006
082 _a5.74
_bOZS
300 _a590
546 _aENGLISH
_cComputers
999 _c32580
_d32580